La fábrica del terror /
Las puertas están abiertas. Las máquinas funcionando. Pueden ustedes pasar a "La fábrica del terror". Lo traen de la mano los zombies y los hombres-lobo, las serpientes y la magia negra, las tumbas y los fanstasmas. Todos los recursos que los hombres usaron para asustarse unos a otros, des...
Guardado en:
| Autor Principal: | |
|---|---|
| Otros Autores: | |
| Formato: | Libro |
| Idioma: | Undetermined |
| Publicado: |
Buenos Aires :
Sudamericana,
2002.
|
| Edición: | 17a ed. |
| Materias: | |
| Etiquetas: |
Agregar Etiqueta
Sin Etiquetas, Sea el primero en etiquetar este registro!
|
| LEADER | 01552nam a22002655a 4500 | ||
|---|---|---|---|
| 001 | CEM.cems020317 | ||
| 008 | 230807s2002####ag############000#0#und#d | ||
| 005 | 20240805151916.0 | ||
| 245 | 1 | 0 | |a La fábrica del terror / |c Ana María Shua ; ilustrado por Jorge Sanzol. |
| 250 | |a 17a ed. | ||
| 260 | |a Buenos Aires : |b Sudamericana, |c 2002. | ||
| 300 | |a 120 p. | ||
| 500 | |a Edad sugerida a partir de 11 años. | ||
| 505 | 0 | |a Cómo y por qué se fabrica el miedo -- Posada de las tres cuerdas -- Flores contra la muerte -- El show de los muertos vivos -- La yegua blanca -- El jinete sin cabeza -- Las siete hermanas -- El último Golem -- Yasí-yateré, el que se oye y no se ve | |
| 520 | |a Las puertas están abiertas. Las máquinas funcionando. Pueden ustedes pasar a "La fábrica del terror". Lo traen de la mano los zombies y los hombres-lobo, las serpientes y la magia negra, las tumbas y los fanstasmas. Todos los recursos que los hombres usaron para asustarse unos a otros, desde la prehistoria hasta las últimas películas de terror, en estos ocho cuentos que harán temblar a sus lectores. | ||
| 020 | |a 9500706423 | ||
| 100 | 1 | |a Shua, Ana María. | |
| 700 | 1 | |a Sanzol, Jorge. | |
| 653 | |a Cuentos | ||
| 653 | |a Cuentos de terror | ||
| 653 | |a Literatura argentina | ||
| 653 | |a Literatura infantil y juvenil | ||
| 859 | |a CEMS |b BIB. CEMS - Inicial y Primaria |h A868.4 |i Sh91 |k IP |p 3652 |t Ej.1 | ||
| 859 | |a CEMS |b BIB. CEMS - Inicial y Primaria |h A868.4 |i Sh91 |k IP |p 2288 |t Ej.2 | ||
| 859 | |a CEMS |b BIB. CEMS - Inicial y Primaria |h A868.4 |i Sh91 |k IP |p 1211 |t Ej.3 | ||
